书目信息 |
| 题名: |
中国古代医学
|
|
| 作者: | 赵璞珊 著 | |
| 分册: | ||
| 出版信息: | 北京 中华书局 1983 |
|
| 页数: | 303页 | |
| 开本: | 19cm | |
| 丛书名: | 中华史学丛书 | |
| 单 册: | ||
| 中图分类: | R-092 | |
| 科图分类: | ||
| 主题词: | 中国医药学-医学史--古代 , 医学史-中国医药学--古代 | |
| 电子资源: | ||
| ISBN: | ||
| 000 | 00728nam2 2200265 45 | |
| 001 | 0183006639 | |
| 005 | 20060406103517.39 | |
| 010 | @dCNY0.93 | |
| 091 | @a11018.1056 | |
| 100 | @a19950613d1983 kmey0chiy0121 ea | |
| 101 | 0 | @achi |
| 102 | @aCN@b110000 | |
| 105 | @ay z 000yy | |
| 200 | 10 | @a中国古代医学@Azhong guo gu dai yi xue@f赵璞珊著@Fzhao pu shan zhu |
| 210 | @a北京@c中华书局@d1983 | |
| 215 | @a303页@d19cm | |
| 225 | 2 | @a中华史学丛书 |
| 410 | 0 | @120010@a中华史学丛书 |
| 606 | @a中国医药学-医学史@z古代 | |
| 606 | @a医学史-中国医药学@z古代 | |
| 690 | @aR-092@v3 | |
| 701 | 0 | @a赵璞珊@Azhao pu shan@4著 |
| 801 | 0 | @aCN@b上海图书馆@c20060406 |
| 801 | 2 | @aCN@bNLC@c20060222 |
| 905 | @dR-092@e1@f1@b89922 | |
| 中国古代医学/赵璞珊著.-北京:中华书局,1983 |
| 303页;19cm.-(中华史学丛书) |
| ISBN :CNY0.93 |
| ● |
| 相关链接 |
|
|
|
|
正题名:中国古代医学
索取号:R-092/1
 
预约/预借
| 序号 | 登录号 | 条形码 | 馆藏地/架位号 | 状态 | 备注 |
| 1 | 0089921 | 202202847 | 密集书库/ [索取号:R-092/1] | 在馆 | |
| 2 | 0089922 | 000703279 | 第二样本阅览室/ [索取号:R-092/1] | 在馆 | |
| 3 | 0089923 | 202202801 | 密集书库/ [索取号:R-092/1] | 在馆 | |
| 4 | 0177402 | 001586796 | 密集书库/ [索取号:R-092/1] | 在馆 | |
| 5 | 0177835 | 202209582 | 密集书库/ [索取号:R-092/1] | 在馆 |